Gaming Quiz

Random Gaming Quiz

SML quiz Stats

 Plays Quiz not verified by Sporcle

Also try: Pokémon Alphabet
Challenge
Share
Tweet
Score 0/5 Timer 05:00
0 Plays Today
Question Answer Wrong Answers
who likes ken cody
95.8%
mario
1.1%
tyrone
1.1%
junior
1.1%
who wishes that they could kill jeffy? mario
94.9%
jeffy
2.2%
rosalina
0.6%
sonic
1.7%
who likes pp cherios jeffy
91%
deadpool
1.6%
sonic
0.9%
cody
5.9%
which character is super funny and destructive? jeffy
86.8%
junior
7.9%
bowser
2.5%
toad
2.6%
who hates there life? chef peepee
85.6%
mario
8.9%
jeffy
1.2%
brooklyn guy
4.3%

You're not logged in!

Compare scores with friends on all Sporcle quizzes.
Join for Free
OR
Log In

You Might Also Like...

Show Comments

Extras

Created Aug 1, 2017SourceReportNominate

Top Quizzes Today


Score Distribution

Your Account Isn't Verified!

In order to create a playlist on Sporcle, you need to verify the email address you used during registration. Go to your Sporcle Settings to finish the process.

Report this User

Report this user for behavior that violates our Community Guidelines.

Details: